| 000 | 01185nam a2200325 a 4500 | ||
|---|---|---|---|
| 001 | 000108237 | ||
| 003 | CHAP | ||
| 005 | 20220329144004.0 | ||
| 008 | 140116s1995 it |r| ||||||spa d | ||
| 010 | _a104699 | ||
| 011 | _a105671 | ||
| 040 | _cCHAP | ||
| 082 | 0 | 4 |
_a614.43 _bF21y |
| 111 | 1 | 0 |
_aMeeting of the joint WHO/FAO/UNEP panel of experts on environmental management for vector control _n(4: _d1984: _cGeneva, Switzerland) _9125173 |
| 245 | 1 | 0 |
_aReport of the fourth meeting / _cpor FAO. |
| 260 |
_aGeneva, Switzerland : _bWorld Health Organization, _cc1995. |
||
| 300 | _ax, 150 p. | ||
| 505 | 0 | _aContenido dividido en 2 Ptes. en la misma obra : Pte. I : General programme and policy; Pte. II : Technical discussion | |
| 590 |
_aE11695DGD _b10 _c20140117 _lUCH01 _h1135 |
||
| 590 |
_aE11695DGD _b10 _c20140117 _lUCH01 _h1135 |
||
| 590 |
_aE5995AHE _b05 _c20140116 _lUCH01 _h1507 |
||
| 590 |
_aE5995AHE _b05 _c20140117 _lUCH01 _h0856 |
||
| 590 |
_aE5995AHE _b05 _c20140328 _lUCH01 _h1157 |
||
| 650 | 4 |
_aEnfermedades por virus. _936940 |
|
| 650 | 4 |
_aMedio ambiente _xContaminación. _974069 |
|
| 650 | 4 |
_aSalud pública. _9101813 |
|
| 901 | _aBK | ||
| 942 | _cLIBRO | ||
| 942 | _n0 | ||
| 999 |
_c104699 _d104699 |
||